| 000 | 00405nam a22001217a 4500 | ||
|---|---|---|---|
| 999 |
_c9386 _d9386 |
||
| 003 | OSt | ||
| 008 | 201203b ||||| |||| 00| 0 eng d | ||
| 245 | _aDESIDOC Journal Of Library And Information Technology | ||
| 250 | _a2012( Jan Vol.32 No.1, Mar Vol.32 No.2, May Vol.32 No.3 ) | ||
| 260 |
_aNew Delhi _bDefence Scientific Information And Documentation Centre |
||
| 650 | _aApplied Science | ||
| 942 |
_2ddc _cBV |
||